000 00619nam a2200217Ia 4500
003 OSt
005 20230529093703.0
008 210423s2015 xx 000 0 und d
020 _a978-93-84247-55-3
040 _cAL
041 _aeng
082 _a658.421 INGE
100 _aINGOLE (Keshav W)
_9115504
245 _aEntrepreneurship soft skills and personality development
260 _aKanpur
_bChandralok Prakashan
_c2015
300 _avii,328
_bHB
365 _b1295
_cINR
650 _aEntrepreneurship
_9115505
906 _adevelopment ; Entrepreneurship ; personality ; skills ; soft
942 _2ddc
_cBK
999 _c168247
_d168247